000 01021nam a22002537a 4500
005 20170124102939.0
010 _aB-017354
020 _c100.00
035 _aB-017354
037 _bCen Lib/Ret
040 _aDPL
_bHN
082 _a823.08
_bभारत
100 _aभारत भूषण आर्य
_947833
245 _aभारत सत सई /
_cभारत भूषण आर्य
246 _aBharat satsaee
_bby Bharat Bhushan Aarya
260 _aदिल्ली
_bपाण्डुलिपि प्रकाशन
_c2000
270 _a77/1,ईस्ट आजाद नगर
_bदिल्ली
_e110051
300 _a99पृष्ठ.
_c20सेमी (सजिल्द)
650 _aहिंदी साहित्य
_947834
650 _aहिंदी काव्य -भूषण सतसई
_945236
650 _ahindi literature
_947835
650 _aHindi poetry -bhusn Satsaee
_947836
942 _2ddc
_cHN
_h823.08
_mभारत
999 _c112487
_d112487